<?xml version="1.0" encoding="UTF-8"?>
<record
    xmlns:xsi="http://www.w3.org/2001/XMLSchema-instance"
    xsi:schemaLocation="http://www.loc.gov/MARC21/slim http://www.loc.gov/standards/marcxml/schema/MARC21slim.xsd"
    xmlns="http://www.loc.gov/MARC21/slim">

  <leader>03311njm a2200541Ia 4500</leader>
  <controlfield tag="001">23889</controlfield>
  <controlfield tag="003">IT-RoPAU</controlfield>
  <controlfield tag="005">20220918181201.0</controlfield>
  <controlfield tag="008">131025s9999    xx            000 0 und d</controlfield>
  <datafield tag="040" ind1=" " ind2=" ">
    <subfield code="a">IT-RoPAU</subfield>
  </datafield>
  <datafield tag="040" ind1=" " ind2=" ">
    <subfield code="c">IT-RoPAU</subfield>
  </datafield>
  <datafield tag="999" ind1=" " ind2=" ">
    <subfield code="c">103005</subfield>
    <subfield code="d">103005</subfield>
  </datafield>
  <datafield tag="999" ind1=" " ind2=" ">
    <subfield code="b">n.d.</subfield>
  </datafield>
  <datafield tag="100" ind1=" " ind2=" ">
    <subfield code="a">AA.VV.</subfield>
    <subfield code="9">794</subfield>
  </datafield>
  <datafield tag="100" ind1=" " ind2=" ">
    <subfield code="e">Autore musica</subfield>
    <subfield code="9">7050</subfield>
  </datafield>
  <datafield tag="100" ind1=" " ind2=" ">
    <subfield code="g">Codice autore musica SPICS: 12000</subfield>
    <subfield code="9">796</subfield>
  </datafield>
  <datafield tag="245" ind1=" " ind2=" ">
    <subfield code="a">Napoli in musica (Lp Vpas 908)</subfield>
  </datafield>
  <datafield tag="250" ind1=" " ind2=" ">
    <subfield code="a">1a ed.</subfield>
  </datafield>
  <datafield tag="260" ind1=" " ind2=" ">
    <subfield code="a">MILANO</subfield>
  </datafield>
  <datafield tag="260" ind1=" " ind2=" ">
    <subfield code="b">VEDETTE RECORDS</subfield>
    <subfield code="c">1972 [1a Ed.:1972]</subfield>
  </datafield>
  <datafield tag="300" ind1=" " ind2=" ">
    <subfield code="a">DISCO</subfield>
  </datafield>
  <datafield tag="300" ind1=" " ind2=" ">
    <subfield code="c">35 minuti (Testo:  pag.)</subfield>
  </datafield>
  <datafield tag="500" ind1=" " ind2=" ">
    <subfield code="a">Canzone napoletana strumentale.</subfield>
  </datafield>
  <datafield tag="505" ind1=" " ind2=" ">
    <subfield code="a">Na voce 'na chitarra e 'o poco 'e luna (3:00) - Voce 'e notte (4:00) - O marenariello (4:00) - Tu si 'na cosa grande (4:00) - Tarantella Luciana (3:00) - Mandolinata a sera (3:00) - Maruzzella (3:00) - Sciummo (3:00) - Luna rossa (3:00) - Na sera 'e maggio (3:00) - Nu quarto 'e luna (3:00) - Munasterio 'e Santa Chiara (4:00)</subfield>
  </datafield>
  <datafield tag="511" ind1=" " ind2=" ">
    <subfield code="a">Francesco Anselmo Orchestra e Coro diretti da Anselmo Francesco</subfield>
  </datafield>
  <datafield tag="650" ind1=" " ind2=" ">
    <subfield code="a">CANZONE NAPOLET [DISCHI]</subfield>
    <subfield code="e">Codice MATERIA SPICS: 9950</subfield>
    <subfield code="9">7051</subfield>
  </datafield>
  <datafield tag="700" ind1=" " ind2=" ">
    <subfield code="a">Anselmo Francesco</subfield>
    <subfield code="g">Codice interprete -SPICS: 14005</subfield>
    <subfield code="9">7052</subfield>
    <subfield code="e">Interprete</subfield>
  </datafield>
  <datafield tag="700" ind1=" " ind2=" ">
    <subfield code="a">Rossi Carlo Alberto (Cicero)</subfield>
    <subfield code="g">Codice autore musica SPICS: 13130</subfield>
    <subfield code="e">Autore musica</subfield>
    <subfield code="p">Na voce 'na chitarra e 'o poco 'e luna</subfield>
    <subfield code="9">7053</subfield>
  </datafield>
  <datafield tag="700" ind1=" " ind2=" ">
    <subfield code="a">Calise Ugo</subfield>
    <subfield code="g">Codice autore SPICS: 13719</subfield>
    <subfield code="e">Autore</subfield>
    <subfield code="p">Na voce 'na chitarra e 'o poco 'e luna</subfield>
    <subfield code="9">7054</subfield>
  </datafield>
  <datafield tag="700" ind1=" " ind2=" ">
    <subfield code="a">Gardini</subfield>
    <subfield code="g">Codice autore musica SPICS: 14015</subfield>
    <subfield code="e">Autore musica</subfield>
    <subfield code="p">Voce 'e notte</subfield>
    <subfield code="9">7055</subfield>
  </datafield>
  <datafield tag="700" ind1=" " ind2=" ">
    <subfield code="a">De Curtis Ernesto</subfield>
    <subfield code="g">Codice autore SPICS: 13475</subfield>
    <subfield code="e">Autore</subfield>
    <subfield code="p">Voce 'e notte</subfield>
    <subfield code="9">7056</subfield>
  </datafield>
  <datafield tag="700" ind1=" " ind2=" ">
    <subfield code="a">Ottaviano Gennaro</subfield>
    <subfield code="g">Codice autore musica SPICS: 13701</subfield>
    <subfield code="e">Autore musica</subfield>
    <subfield code="p">O marenariello</subfield>
    <subfield code="9">7057</subfield>
  </datafield>
  <datafield tag="700" ind1=" " ind2=" ">
    <subfield code="a">Gambardella Salvatore</subfield>
    <subfield code="g">Codice autore SPICS: 13700</subfield>
    <subfield code="e">Autore</subfield>
    <subfield code="p">O marenariello</subfield>
    <subfield code="9">7058</subfield>
  </datafield>
  <datafield tag="700" ind1=" " ind2=" ">
    <subfield code="a">Modugno Domenico</subfield>
    <subfield code="g">Codice autore musica SPICS: 12142</subfield>
    <subfield code="e">Autore musica</subfield>
    <subfield code="p">Tu si 'na cosa grande</subfield>
    <subfield code="9">7059</subfield>
  </datafield>
  <datafield tag="700" ind1=" " ind2=" ">
    <subfield code="a">Cannio Enrico</subfield>
    <subfield code="g">Codice autore musica SPICS: 13705</subfield>
    <subfield code="e">Autore musica</subfield>
    <subfield code="p">Tarantella Luciana</subfield>
    <subfield code="9">7060</subfield>
  </datafield>
  <datafield tag="700" ind1=" " ind2=" ">
    <subfield code="a">Bovio Libero</subfield>
    <subfield code="g">Codice autore SPICS: 13462</subfield>
    <subfield code="e">Autore</subfield>
    <subfield code="p">Tarantella Luciana</subfield>
    <subfield code="9">7061</subfield>
  </datafield>
  <datafield tag="700" ind1=" " ind2=" ">
    <subfield code="a">Panzuti Virgilio</subfield>
    <subfield code="g">Codice autore musica SPICS: 13599</subfield>
    <subfield code="e">Autore musica</subfield>
    <subfield code="p">Mandolinata a sera</subfield>
    <subfield code="9">7062</subfield>
  </datafield>
  <datafield tag="700" ind1=" " ind2=" ">
    <subfield code="a">Manlio Tito</subfield>
    <subfield code="g">Codice autore SPICS: 13497</subfield>
    <subfield code="e">Autore</subfield>
    <subfield code="p">Mandolinata a sera - Nu quarto 'e luna</subfield>
    <subfield code="9">7063</subfield>
  </datafield>
  <datafield tag="700" ind1=" " ind2=" ">
    <subfield code="a">Carosone Renato</subfield>
    <subfield code="g">Codice autore musica SPICS: 9614</subfield>
    <subfield code="e">Autore musica</subfield>
    <subfield code="p">Maruzzella</subfield>
    <subfield code="9">7064</subfield>
  </datafield>
  <datafield tag="700" ind1=" " ind2=" ">
    <subfield code="a">Bonagura Enzo</subfield>
    <subfield code="g">Codice autore SPICS: 13478</subfield>
    <subfield code="e">Autore</subfield>
    <subfield code="p">Maruzzella - Sciummo</subfield>
    <subfield code="9">7065</subfield>
  </datafield>
  <datafield tag="700" ind1=" " ind2=" ">
    <subfield code="a">Concina Carlo</subfield>
    <subfield code="g">Codice autore musica SPICS: 13632</subfield>
    <subfield code="e">Autore musica</subfield>
    <subfield code="p">Sciummo</subfield>
    <subfield code="9">7066</subfield>
  </datafield>
  <datafield tag="700" ind1=" " ind2=" ">
    <subfield code="a">De Crescenzo Eduardo</subfield>
    <subfield code="g">Codice autore musica SPICS: 7995</subfield>
    <subfield code="e">Autore musica</subfield>
    <subfield code="p">Luna rossa</subfield>
    <subfield code="9">7067</subfield>
  </datafield>
  <datafield tag="700" ind1=" " ind2=" ">
    <subfield code="a">Pisano Luigi</subfield>
    <subfield code="g">Codice autore musica SPICS: 13579</subfield>
    <subfield code="e">Autore musica</subfield>
    <subfield code="p">Na sera 'e maggio</subfield>
    <subfield code="9">7068</subfield>
  </datafield>
  <datafield tag="700" ind1=" " ind2=" ">
    <subfield code="a">Cioffi Giuseppe</subfield>
    <subfield code="g">Codice autore SPICS: 13578</subfield>
    <subfield code="e">Autore</subfield>
    <subfield code="p">Na sera 'e maggio</subfield>
    <subfield code="9">7069</subfield>
  </datafield>
  <datafield tag="700" ind1=" " ind2=" ">
    <subfield code="a">Oliviero Nino</subfield>
    <subfield code="g">Codice autore musica SPICS: 14018</subfield>
    <subfield code="e">Autore musica</subfield>
    <subfield code="p">Nu quarto 'e luna</subfield>
    <subfield code="9">7070</subfield>
  </datafield>
  <datafield tag="700" ind1=" " ind2=" ">
    <subfield code="a">Galdieri Michele</subfield>
    <subfield code="g">Codice autore musica SPICS: 13370</subfield>
    <subfield code="e">Autore musica</subfield>
    <subfield code="p">Munasterio 'e Santa Chiara</subfield>
    <subfield code="9">7071</subfield>
  </datafield>
  <datafield tag="700" ind1=" " ind2=" ">
    <subfield code="a">Barberis Alberto</subfield>
    <subfield code="g">Codice autore SPICS: 13596</subfield>
    <subfield code="e">Autore</subfield>
    <subfield code="p">Munasterio 'e Santa Chiara</subfield>
    <subfield code="9">7072</subfield>
  </datafield>
  <datafield tag="942" ind1=" " ind2=" ">
    <subfield code="c">MD</subfield>
    <subfield code="2">ddc</subfield>
  </datafield>
  <datafield tag="952" ind1=" " ind2=" ">
    <subfield code="0">0</subfield>
    <subfield code="1">0</subfield>
    <subfield code="4">0</subfield>
    <subfield code="6">23889_000000000000000</subfield>
    <subfield code="7">1</subfield>
    <subfield code="a">SPICS</subfield>
    <subfield code="b">SPICS</subfield>
    <subfield code="d">2013-10-25</subfield>
    <subfield code="l">0</subfield>
    <subfield code="o">23889</subfield>
    <subfield code="r">2013-10-25 00:00:00</subfield>
    <subfield code="w">2013-10-25</subfield>
    <subfield code="y">MD</subfield>
    <subfield code="z">Progr. Ins.: 4736 / N.Vol.: 1 / Copie: 1 - Copia rara: n.d. / date import: 01.01.2014 - By Epidotti, Trombetti, Vaglietti</subfield>
  </datafield>
</record>
